000 00787nam1a22002651i 4500
001 RU\NLR\INFOCOMM_161\5000070458
005 20240724164655.0
035 _a(NLR Aleph) 009213328
090 _a8762215
_c8762215
100 _a20100519d1954 |||y0rusy50 ba
101 0 _afre
102 _aRU
105 _ay ||||000|y
200 1 _aTextes
210 _a[Moscou]
_d1954
215 _a3 т.
_d21 см
225 1 _aTemps nouveaux
311 _aSupplément à la revue "Temps nouveaux" № ....
422 0 _12001#$aTemps nouveaux
_tTemps nouveaux
686 _aИр4830
_2rubbk
710 0 2 _aConférence des ministres des affaires étrangères des quatre puissances à Berlin
_f1954
_4070
801 1 _aRU
_bNLR
_c20100519
801 0 _aRU
_bNLR
_gPSBO
852 _aNLR
_jP43/128
942 _cBOOK